Normal view
MARC view
- Sattar, khan
Entry Personal Name
001 - CONTROL NUMBER
- control field: 109949
003 - CONTROL NUMBER IDENTIFIER
- control field: NUST
005 - DATE AND TIME OF LATEST TRANSACTION
- control field: 20230307124234.0
008 - FIXED-LENGTH DATA ELEMENTS
- fixed length control field: 230307|| aca||aabn | a|a d
040 ## - CATALOGING SOURCE
- Original cataloging agency: NUST
- Transcribing agency: NUST
100 ## - HEADING--PERSONAL NAME
- Personal name: Sattar, khan
670 ## - SOURCE DATA FOUND
- Source citation: Work cat.: (NUST)188027: Sattar, khan, Aik Alam hai Sana Khwa Aap (S.A.W) KA /
